000 00522nam a2200193 i 4500
001 34699
003 ES-MaACL
005 20230906155000.0
007 t|
008 030207s1913 fr ||||1| fre d
100 1 _aBlein, J.
_929473
245 1 0 _aOptique geometrique /
_cJ. Blein.
260 _a[Saint Amand :
_bs.n.,
_c1913] (
_fBussière)
300 _a263 p. ;
_c18 cm.
490 1 _aEncyclopédie scientifique
830 0 _aEncyclopédie scientifique
_9180883
852 _aES-MaACL
_jD-4309
999 _c34699
_d34699